000 00755nam a22002657a 4500
001 BR7326304
003 BR-BrBNA
005 20230928084355.0
007 ta
008 230509b bl.||||| |||| 00| 0 por d
040 _aBR-BrBNA
_bpor
_cBiblioteca Nacional de Agricultura
041 _a(Por)
072 _aL73; L00
_b5212
_b/G514
090 _ 5212 BR7326304
100 1 _aGiovene, N.
110 1 _aSecretaria da Agricultura do Estado de Minas Gerais, Belo Horizonte (Brasil)
_98221
245 1 _aO bezerro [doenca animal, Minas Gerais, Brasil]
260 3 _aBelo Horizonte, MG (Brasil):
_c1940.
300 _a74 p.
650 _aBEZERRO
650 _aBOVINO
650 _aMINAS GERAIS
909 _a202309
_bLucia
_c55
_dLucia Elande
942 _cBK
999 _c18507
_d18507